zpět

Detail výsledku týmu

Bridge Bar, Týn nad Vltavou

Datum a čas kvízu

34 Celkem bodů Celkový počet nahraných bodů na tomto kvízu bez doplňovacích otázek.
8. Pořadí na kvízu Konečné umístění týmu na tomto kvízu.

Zaznamenané odpovědi

# Otázka Odpověď Body Výsledky
1. Bývalý fotbalista Tomáš Řepka... 2,5 roku 1
2. Bílý dům chtěl po americkém ná... John McCain 1
3. V úterý byly před zlínským Vel... Helena Vondráčková, Jan Hrušínský 0
4. Italsko-americká automobilka F... Renault 0
5. Česká tenistka, která (zatím)... Kateřina Siniaková 0
6. Začneme samotným slovem vzduch... povětří 1
7. Kvalitě vzduchu v restauracích... 2. čtvrtletí 2017 1
8. Že má tento přístroj něco spol... anemometr 1
9. Na obrázku vidíme meteorologic... izobary 1
10. Jak se nazývá dýchací systém n... vzdušnice 1